000 00556nam a2200169Ia 4500
008 090711s9999 xx 000 0 und d
082 _b20056
100 _aप्रफुल्ल दत्त
245 _aडोळयांSाी निरांजने
260 _c1957
300 _a70
600 _aप्रफुल्ल दत्त
630 _aडोळयांSाी निरांजने
700 _aप्रफुल्ल दत्त
730 _aडोळयांSाी निरांजने
942 _cBOOK
999 _c285721
_d285721